000 00364nam a22001577a 4500
003 MPLRDC
005 20220104145221.0
008 210129b ||||| |||| 00| 0 eng d
082 _a417.31 ZSJ
100 _a庄淑斤
245 _a妊娠饮食健美法
_c
260 _a
_b蓝天书屋
_c
300 _b
650 _a产科护理
942 _cBK
_o417.31 ZSJ
999 _c51193
_d51183